Países mas pobres del mundo - Estadísticas

Estadísticas generales
  • Esta prueba ha sido intentada 112 veces
  • La puntuación promedio es 14 de 20
Estadísticas de respuestas
Hint Respuesta % Correcto
$704 Congo
92%
$562 Somalia
83%
$930 Sudan
83%
$574 Niger
81%
$877 Mali
79%
$570 Sudan del sur
79%
$755 Chad
77%
$832 Burkina Faso
73%
$308 Burundi
72%
$700 Eritrea
71%
$968 Ruanda
71%
$472 Sierra Leona
71%
$516 Republica centroafricana
70%
$770 Liberia
69%
$483 Malaui
67%
$874 Guinea Bissau
65%
$883 Gambia
63%
$579 Mozambique
62%
$540 Madagascar
50%
$872 Yemen
38%
No se encontraron pruebas coincidentes
Distribución de puntuación
Porcentaje de gente con cada puntuación
Porcentaje por número respondido
Historial de tus puntuaciones
No has intentado esta prueba.